<?xml version="1.0" encoding="UTF-8"?>
<collection xmlns="http://www.loc.gov/MARC21/slim">
 <record>
  <leader>02120nam a22002537a 4500</leader>
  <controlfield tag="001">NCT_35937</controlfield>
  <controlfield tag="008">180522b        xxu||||| |||| 00| 0 vie d</controlfield>
  <datafield tag="999" ind1=" " ind2=" ">
   <subfield code="c">1733</subfield>
   <subfield code="d">1733</subfield>
  </datafield>
  <datafield tag="020" ind1=" " ind2=" ">
   <subfield code="a">9786047355136</subfield>
   <subfield code="c">37 000</subfield>
  </datafield>
  <datafield tag="082" ind1="0" ind2="4">
   <subfield code="2">23rd ed.</subfield>
   <subfield code="a">620.1</subfield>
   <subfield code="b">L304</subfield>
  </datafield>
  <datafield tag="100" ind1="1" ind2=" ">
   <subfield code="a">Lại Khắc Diễm</subfield>
  </datafield>
  <datafield tag="245" ind1="1" ind2="0">
   <subfield code="a">Cơ học máy</subfield>
   <subfield code="c">Lại Khắc Diễm</subfield>
  </datafield>
  <datafield tag="250" ind1=" " ind2=" ">
   <subfield code="a">Tái bản lần thứ 7</subfield>
  </datafield>
  <datafield tag="260" ind1=" " ind2=" ">
   <subfield code="a">TP Hồ Chí Minh.</subfield>
   <subfield code="b">Đại học quốc gia TP. Hồ Chí Minh</subfield>
   <subfield code="c">2017</subfield>
  </datafield>
  <datafield tag="300" ind1=" " ind2=" ">
   <subfield code="a">246 tr.</subfield>
   <subfield code="b">Minh họa</subfield>
   <subfield code="c">24cm</subfield>
  </datafield>
  <datafield tag="520" ind1="3" ind2=" ">
   <subfield code="a">Nội dung giáo trình gồm 13 chương: Chương 1: Cấu tạo cơ cấu Chương 2: Phân tích động học cơ cấu Chương 3: Phân tích lực cơ cấu Chương 4: Ma sát  Chương 5: Cân bằng máy Chương 6: Chuyển động thực và điều chỉnh chuyển động máy Chương 7: Hiệu suất Chương 8: Cơ cấu phẳng toàn khớp thấp Chương 9: Cơ cấu cam Chương 10: Cơ cấu bánh răng phẳng Chương 11: Cơ cấu bánh răng không gian Chương 12: Hệ thống bánh răng Chương 13: Cơ cấu đặc biệt.</subfield>
  </datafield>
  <datafield tag="653" ind1=" " ind2=" ">
   <subfield code="a">Công nghệ kỹ thuật ô tô</subfield>
  </datafield>
  <datafield tag="942" ind1=" " ind2=" ">
   <subfield code="2">ddc</subfield>
   <subfield code="c">BK</subfield>
  </datafield>
  <datafield tag="952" ind1=" " ind2=" ">
   <subfield code="0">0</subfield>
   <subfield code="1">0</subfield>
   <subfield code="2">ddc</subfield>
   <subfield code="4">0</subfield>
   <subfield code="6">620_100000000000000_L304</subfield>
   <subfield code="7">0</subfield>
   <subfield code="9">8374</subfield>
   <subfield code="a">000001</subfield>
   <subfield code="b">000001</subfield>
   <subfield code="d">2018-05-22</subfield>
   <subfield code="l">1</subfield>
   <subfield code="o">620.1 L304</subfield>
   <subfield code="p">MD.10658</subfield>
   <subfield code="r">2019-04-06</subfield>
   <subfield code="s">2019-04-01</subfield>
   <subfield code="v">37000.00</subfield>
   <subfield code="w">2018-05-22</subfield>
   <subfield code="y">BK</subfield>
  </datafield>
  <datafield tag="952" ind1=" " ind2=" ">
   <subfield code="0">0</subfield>
   <subfield code="1">0</subfield>
   <subfield code="2">ddc</subfield>
   <subfield code="4">0</subfield>
   <subfield code="6">620_100000000000000_L304</subfield>
   <subfield code="7">0</subfield>
   <subfield code="9">8375</subfield>
   <subfield code="a">000001</subfield>
   <subfield code="b">000001</subfield>
   <subfield code="d">2018-05-22</subfield>
   <subfield code="l">1</subfield>
   <subfield code="o">620.1 L304</subfield>
   <subfield code="p">MD.10659</subfield>
   <subfield code="r">2019-03-14</subfield>
   <subfield code="s">2019-03-01</subfield>
   <subfield code="v">37000.00</subfield>
   <subfield code="w">2018-05-22</subfield>
   <subfield code="y">BK</subfield>
  </datafield>
  <datafield tag="952" ind1=" " ind2=" ">
   <subfield code="0">0</subfield>
   <subfield code="1">0</subfield>
   <subfield code="2">ddc</subfield>
   <subfield code="4">0</subfield>
   <subfield code="6">620_100000000000000_L304</subfield>
   <subfield code="7">0</subfield>
   <subfield code="9">8376</subfield>
   <subfield code="a">000001</subfield>
   <subfield code="b">000001</subfield>
   <subfield code="d">2018-05-22</subfield>
   <subfield code="o">620.1 L304</subfield>
   <subfield code="p">MD.10660</subfield>
   <subfield code="r">2018-05-22</subfield>
   <subfield code="v">37000.00</subfield>
   <subfield code="w">2018-05-22</subfield>
   <subfield code="y">BK</subfield>
  </datafield>
  <datafield tag="952" ind1=" " ind2=" ">
   <subfield code="0">0</subfield>
   <subfield code="1">0</subfield>
   <subfield code="2">ddc</subfield>
   <subfield code="4">0</subfield>
   <subfield code="6">620_100000000000000_L304</subfield>
   <subfield code="7">0</subfield>
   <subfield code="9">8377</subfield>
   <subfield code="a">000001</subfield>
   <subfield code="b">000001</subfield>
   <subfield code="d">2018-05-22</subfield>
   <subfield code="o">620.1 L304</subfield>
   <subfield code="p">MD.10661</subfield>
   <subfield code="r">2018-05-22</subfield>
   <subfield code="v">37000.00</subfield>
   <subfield code="w">2018-05-22</subfield>
   <subfield code="y">BK</subfield>
  </datafield>
  <datafield tag="952" ind1=" " ind2=" ">
   <subfield code="0">0</subfield>
   <subfield code="1">0</subfield>
   <subfield code="2">ddc</subfield>
   <subfield code="4">0</subfield>
   <subfield code="6">620_100000000000000_L304</subfield>
   <subfield code="7">0</subfield>
   <subfield code="9">8379</subfield>
   <subfield code="a">000001</subfield>
   <subfield code="b">000001</subfield>
   <subfield code="d">2018-05-22</subfield>
   <subfield code="o">620.1 L304</subfield>
   <subfield code="p">MD.10657</subfield>
   <subfield code="r">2018-05-22</subfield>
   <subfield code="v">37000.00</subfield>
   <subfield code="w">2018-05-22</subfield>
   <subfield code="y">BK</subfield>
  </datafield>
  <datafield tag="980" ind1=" " ind2=" ">
   <subfield code="a">Thư viện Trường Đại học Nam Cần Thơ</subfield>
  </datafield>
 </record>
</collection>
